00465nam a22001457a 4500020001800000082001600018100001900034245003300053260004100086300000800127650001900135942000700154952014100161999001700302 a9788172765873 a954 MAJ REF aMajumdar, R.C. aThe Age of Imperial Unity V2 aMumbaibBharatiya Vidya Bhavanc1951 a735 aHistory-Indian cBK 001040708NFICaHMIbHMIcREFd2020-09-15eDasgupta Publishers, Kolkatag1300.00l0o954 MAJ REF V2p25741r2020-09-21w2026-01-16yBK c23055d23055